Click a Will Quiz Stats

 Plays Quiz Updated May 14, 2016

Also try: Click a Bill
Challenge
Share
Tweet
Embed
Score 0/18 Timer 04:00
0 Plays Today
% Correct
Smith
95.6%
Shakespeare
95.1%
Ferrell
89.4%
Nelson
84.6%
Wallace
80.2%
Shortz
78.6%
Mays
76.9%
Taft
73.7%
McKinley
73.5%
% Correct
Rogers
70.9%
Faulkner
68.1%
Macy
67.5%
Wordsworth
64.9%
Rehnquist
61.4%
Hanna
60.5%
Holden
54%
Hurt
50.2%
Blake
30.5%

You're not logged in!

Compare scores with friends on all Sporcle quizzes.
Join for Free
OR
Log In

You Might Also Like...

Show Comments

Extras

Top Quizzes Today


Score Distribution

Your Account Isn't Verified!

In order to create a playlist on Sporcle, you need to verify the email address you used during registration. Go to your Sporcle Settings to finish the process.

Report this User

Report this user for behavior that violates our Community Guidelines.

Details: